00548 2200169 4500001002100000005001500021035002000036007000300056008003900059082000700098084001300105100001800118245016000136260004600296650002100342990001500363INLIS00000000000988120260413010742 a0010-0426000198ta260413 | | |  a11 a11 YUS i0 aYUSTIKA RINNY1 aIMPLEMENTASI KEBIJAKAN PUBLIK PADA UPAYA PENURUNAN STUNTING MELALUI DUKUNGAN CAPAIAN IDL (IMUNISASI DASAR LENGKAP) DI PUSKESMAS KASONGAN 2 /cYUSTIKA RINNY aPALANGKA RAYA :bPERPUSTAKAAN UMPR,c2026 4aKEBIJAKAN PUBLIK a2311228726